I Can Do It With A Broken Heart (Lyrics)- Taylor Swift - Statistics

General Stats
  • This quiz has been taken 54 times
  • The average score is 335 of 388
Answer Stats
Answer % Correct
can
100%
He
100%
he
100%
(He
100%
I
100%
life"
100%
life
100%
you
100%
You
100%
of
98%
the
98%
The
98%
a
95%
broken
95%
do
95%
heart
95%
it
95%
it"
95%
my
95%
with
95%
your
95%
all
93%
All
93%
Even
93%
even
93%
lights
93%
Lights
93%
love
93%
me
93%
me)
93%
said
93%
short
93%
when
93%
an
90%
But
90%
but
90%
chanting
90%
crowd
90%
every
90%
floor
90%
handle
90%
her
90%
hit
90%
I'm
90%
kid
90%
real
90%
"She's
90%
time
90%
too
90%
tough
90%
was
90%
and
88%
And
88%
as
88%
camera
88%
'Cause
88%
did
88%
having
88%
his
88%
make
88%
mind
88%
"More"
88%
shit
88%
smile
88%
that
88%
art
86%
bitch
86%
breaking
86%
Breaking
86%
die
86%
down
86%
fake
86%
he'd
86%
hittin'
86%
like
86%
pieces
86%
read
86%
They
86%
'til
86%
so
83%
wanna
83%
you're
83%
act
81%
am
81%
avoids
81%
birthday
81%
cry
81%
depressed
81%
grinnin'
81%
it's
81%
know
81%
lot
81%
marks
81%
obsessed
81%
productive
81%
winnin'
81%
day
79%
for
79%
good
79%
him
79%
in
79%
In
79%
plague
79%
shattered
79%
"Babe
76%
gotta
76%
night
76%
(One
74%
show
74%
silhouette
71%
three
71%
two
71%
four)
69%
glittering
69%
off
67%
stars
67%
been
64%
knows
64%
left
64%
sequin
64%
since
64%
There
64%
come
62%
doin'
62%
I've
62%
job
62%
prime
62%
refract
62%
stilettos
62%
breath
60%
hold
60%
miserable
60%
nobody
60%
quite
60%
this
60%
try
60%
keep
57%
lies
57%
miles
57%
pass
57%
test
57%
thing
55%
drawers
52%
things
52%
evidence
50%
finding
50%
whole
50%
Crucial
48%
imagine
48%
didn't
45%
sure
45%
he's
33%
Ah
26%
No matching quizzes found
Score Distribution
Percent of People with Each Score
Percentile by Number Answered
Your Score History
You have not taken this quiz